Organization and administration of drug abuse treatment programs: national and international
| Contributors: | |
|---|---|
| Format: | Print Book |
| Language: | English |
| Published: |
Springield, Ill.
Thomas
1974
|
| In: |
American lecture series (944)
Year: 1974 |
| Availability in Tübingen: | Present in Tübingen. UB: KB 5 A 256 |
| Check availability: | HBZ Gateway |
| Subito Delivery Service: | Order now. |
MARC
| LEADER | 00000cam a22000002c 4500 | ||
|---|---|---|---|
| 001 | 109449092X | ||
| 003 | DE-627 | ||
| 005 | 20251224220553.0 | ||
| 007 | tu | ||
| 008 | 910614s1974 xx ||||| 00| ||eng c | ||
| 035 | |a (DE-627)109449092X | ||
| 035 | |a (DE-576)02449092X | ||
| 035 | |a (DE-599)BSZ02449092X | ||
| 035 | |a (OCoLC)00799724 | ||
| 040 | |a DE-627 |b ger |c DE-627 |e rakwb | ||
| 041 | |a eng | ||
| 082 | 0 | |a 362.2/93 | |
| 245 | 0 | 0 | |a Organization and administration of drug abuse treatment programs |b national and international |c John G. Cull ... |
| 264 | 1 | |a Springield, Ill. |b Thomas |c 1974 | |
| 300 | |a XII, 342 S. | ||
| 336 | |a Text |b txt |2 rdacontent | ||
| 337 | |a ohne Hilfsmittel zu benutzen |b n |2 rdamedia | ||
| 338 | |a Band |b nc |2 rdacarrier | ||
| 490 | 1 | |a American lecture series |v 944 | |
| 490 | 0 | |a A publication in the Bannerstone division of American lectures in social and rehabilitation psychology | |
| 583 | 1 | |a Archivierung prüfen |c 20200919 |f DE-640 |z 2 |2 pdager | |
| 700 | 1 | |a Cull, John G. |e Hrsg. |4 edt | |
| 830 | 0 | |a American lecture series |v 944 |9 944 |w (DE-627)130724041 |w (DE-576)000433934 |w (DE-600)972510-6 |x 0099-5371 |7 am | |
| 951 | |a BO | ||
| ELC | |b 1 | ||
| LOK | |0 000 xxxxxcx a22 zn 4500 | ||
| LOK | |0 001 2166053963 | ||
| LOK | |0 003 DE-627 | ||
| LOK | |0 004 109449092X | ||
| LOK | |0 005 20020606000000 | ||
| LOK | |0 008 910614||||||||||||||||ger||||||| | ||
| LOK | |0 040 |a DE-21 |c DE-627 |d DE-21 | ||
| LOK | |0 852 |a DE-21 | ||
| LOK | |0 852 1 |c KB 5 A 256 |9 00 | ||
| LOK | |0 935 |a krim | ||
| LOK | |0 936ln |a k9.7.6 | ||
| LOK | |0 939 |a 14-06-91 |b l01 | ||
| ORI | |a SA-MARC-krimdoka001.raw | ||
| SIG | |a UB: KB 5 A 256 | ||
